[Event "AUT-chT 0809"]
[Site "Austria"]
[Date "2009.03.22"]
[Round "11.3"]
[White "Boensch, Uwe"]
[Black "Moser, Eva"]
[Result "1/2-1/2"]
[WhiteElo "2523"]
[BlackElo "2397"]
[PlyCount "109"]
[EventDate "2008.11.07"]
[EventType "tourn"]
[EventRounds "11"]
[EventCountry "AUT"]
[SourceTitle "EXT 2010"]
[Source "ChessBase"]
[SourceDate "2010.11.25"]
[SourceVersion "1"]
[SourceVersionDate "2010.11.25"]
[SourceQuality "1"]
[WhiteTeam "Jenbach"]
[BlackTeam "Graz Styria"]
[WhiteTeamCountry "AUT"]
[BlackTeamCountry "AUT"]

1. d4 d5 2. c4 c6 3. Nf3 Nf6 4. Nc3 dxc4 5. a4 Bf5 6. e3 e6 7. Bxc4 Bb4 8. O-O
O-O 9. Qb3 Qb6 10. Ne5 Nbd7 11. Nxd7 Nxd7 12. Bd2 c5 13. Bb5 Bxc3 14. Bxc3 a6
15. Bc4 Qxb3 16. Bxb3 Rac8 17. Rfc1 cxd4 18. Bxd4 e5 19. Rxc8 Rxc8 20. Bc3 Nc5
21. Bd5 Rd8 22. Bf3 f6 23. b4 Ne4 24. Be1 Rd7 25. h4 Nd6 26. Bd5+ Kf8 27. Rc1
Be4 28. Be6 Rd8 29. Rc7 Re8 30. Bb3 Re7 31. Rc1 b5 32. f3 Bb7 33. Rc5 Ke8 34.
e4 Kd8 35. axb5 axb5 36. Bg8 h6 37. Bf2 Rc7 38. Kf1 Rxc5 39. bxc5 Nc4 40. Ke2
Bc6 41. Kd3 Kd7 42. Be1 Nb2+ 43. Ke2 Nc4 44. Bc3 Kc7 45. Kd3 Kd7 46. h5 Kc7 47.
Bf7 Kd7 48. g3 Kc8 49. f4 Kc7 50. f5 Kc8 51. g4 Kc7 52. Bd5 Kd7 53. Ke2 Kc7 54.
Kf3 Kd7 55. Ke2 1/2-1/2

[Event "AUT-chT 0809"]
[Site "Austria"]
[Date "2009.03.21"]
[Round "10.3"]
[White "Moser, Eva"]
[Black "Rotstein, Arkadij"]
[Result "0-1"]
[WhiteElo "2397"]
[BlackElo "2505"]
[PlyCount "86"]
[EventDate "2008.11.07"]
[EventType "tourn"]
[EventRounds "11"]
[EventCountry "AUT"]
[SourceTitle "EXT 2010"]
[Source "ChessBase"]
[SourceDate "2010.11.25"]
[SourceVersion "1"]
[SourceVersionDate "2010.11.25"]
[SourceQuality "1"]
[WhiteTeam "Graz Styria"]
[BlackTeam "Absam"]
[WhiteTeamCountry "AUT"]
[BlackTeamCountry "AUT"]

1. e4 c5 2. c3 Nf6 3. e5 Nd5 4. d4 cxd4 5. Nf3 e6 6. cxd4 d6 7. Bc4 Nb6 8. Bd3
dxe5 9. Nxe5 Nc6 10. Nxc6 bxc6 11. Be3 g6 12. Nd2 Bg7 13. Nf3 Nd5 14. O-O O-O
15. Qd2 Nxe3 16. Qxe3 Rb8 17. Rab1 Rb4 18. Qd2 Qd6 19. a3 Rb6 20. b4 Rd8 21.
Rfd1 Ba6 22. Bxa6 Rxa6 23. Rb3 Rb6 24. Rc3 Qe7 25. Qc2 Qb7 26. Ne5 Rd5 27. Nxc6
Qd7 28. Rc1 Bxd4 29. Nxd4 Rxd4 30. h3 Rbd6 31. Rc7 Qb5 32. Rxa7 Qe5 33. g3 Kg7
34. Qc7 Qf5 35. Rf1 e5 36. Qe7 Rd1 37. g4 Rxf1+ 38. Kxf1 Rd1+ 39. Kg2 Qe4+ 40.
Kg3 Qf4+ 41. Kg2 Qe4+ 42. Kg3 Rg1+ 43. Kh4 Qf4 0-1

[Event "AUT-chT 0809"]
[Site "Austria"]
[Date "2009.03.19"]
[Round "8.3"]
[White "Bosiocic, Marin"]
[Black "Moser, Eva"]
[Result "0-1"]
[WhiteElo "2578"]
[BlackElo "2397"]
[PlyCount "116"]
[EventDate "2008.11.07"]
[EventType "tourn"]
[EventRounds "11"]
[EventCountry "AUT"]
[SourceTitle "EXT 2010"]
[Source "ChessBase"]
[SourceDate "2010.11.25"]
[SourceVersion "1"]
[SourceVersionDate "2010.11.25"]
[SourceQuality "1"]
[WhiteTeam "Raika St Veit/Glan"]
[BlackTeam "Graz Styria"]
[WhiteTeamCountry "AUT"]
[BlackTeamCountry "AUT"]

1. Nf3 d5 2. d4 Nf6 3. c4 c6 4. Nc3 dxc4 5. a4 Bf5 6. Nh4 e6 7. Nxf5 exf5 8. e3
Bb4 9. Bxc4 O-O 10. O-O Nbd7 11. Qc2 g6 12. f3 Rc8 13. Qf2 Nb6 14. Bb3 Nbd5 15.
Bd2 Bd6 16. a5 Bb8 17. Kh1 Qd6 18. Qh4 Rce8 19. Rae1 Nb4 20. e4 Qxd4 21. Bh6 f4
22. Bxf8 Rxf8 23. Rd1 Qe5 24. g3 Nh5 25. g4 Nf6 26. g5 Ne8 27. Rd8 Na6 28. Qg4
Bc7 29. Rc8 Nd6 30. Rxf8+ Kxf8 31. Rd1 Ke7 32. Qg1 Qc5 33. Qe1 Qe5 34. Qd2 Bxa5
35. Ba2 Bb4 36. Qc1 Bxc3 37. bxc3 Nc5 38. Qd2 Nd7 39. Bxf7 Kxf7 40. Qxd6 Qxd6
41. Rxd6 Ke7 42. Rd1 a5 43. Ra1 b6 44. Kg2 Ne5 45. Rd1 b5 46. Kf2 a4 47. Ke2
Nc4 48. h4 a3 49. Rh1 Kd6 50. h5 gxh5 51. Rxh5 a2 52. Rh1 Na5 53. Kd3 Nb3 54.
Kc2 a1=Q 55. Rxa1 Nxa1+ 56. Kb2 Ke6 57. Kxa1 Kf7 58. c4 Kg6 0-1

[Event "BL 0809 (Women)"]
[Site "Germany"]
[Date "2009.03.08"]
[Round "9.2"]
[White "Fuchs, Judith"]
[Black "Moser, Eva"]
[Result "0-1"]
[WhiteElo "2238"]
[BlackElo "2376"]
[PlyCount "68"]
[EventDate "2008.11.08"]
[EventType "team-tourn"]
[EventRounds "11"]
[EventCountry "GER"]
[SourceTitle "EXT 2010"]
[Source "ChessBase"]
[SourceDate "2010.11.25"]
[SourceVersion "1"]
[SourceVersionDate "2010.11.25"]
[SourceQuality "1"]
[WhiteTeam "Leipzig Gohlis (W)"]
[BlackTeam "Baden-Baden (W)"]
[WhiteTeamCountry "GER"]
[BlackTeamCountry "GER"]

1. e4 d6 2. d4 Nf6 3. Nc3 Nbd7 4. Nf3 e5 5. Bc4 Be7 6. O-O O-O 7. a4 c6 8. Re1
a5 9. h3 h6 10. b3 Re8 11. dxe5 dxe5 12. Nh4 Bb4 13. Bd2 Nc5 14. Re3 Qc7 15.
Qe1 Ne6 16. Bxe6 Bxe6 17. Rf3 Rad8 18. Bxh6 gxh6 19. Rxf6 Qe7 20. Rxh6 Qg5 21.
Rxe6 fxe6 22. Nf3 Qf4 23. Ne2 Qxf3 24. gxf3 Bxe1 25. Rxe1 Rf8 26. Kg2 Rd2 27.
Nc1 Rxc2 28. Nd3 Rc3 29. Nxe5 Rxb3 30. Rd1 b5 31. Rd7 bxa4 32. h4 a3 33. h5 Rb5
34. Ng4 a2 0-1

[Event "BL 0809 (Women)"]
[Site "Germany"]
[Date "2009.03.07"]
[Round "8.1"]
[White "Levushkina, Elena"]
[Black "Moser, Eva"]
[Result "1-0"]
[WhiteElo "2258"]
[BlackElo "2376"]
[PlyCount "127"]
[EventDate "2008.11.08"]
[EventType "team-tourn"]
[EventRounds "11"]
[EventCountry "GER"]
[SourceTitle "EXT 2010"]
[Source "ChessBase"]
[SourceDate "2010.11.25"]
[SourceVersion "1"]
[SourceVersionDate "2010.11.25"]
[SourceQuality "1"]
[WhiteTeam "Leipzig Allianz (W)"]
[BlackTeam "Baden-Baden (W)"]
[WhiteTeamCountry "GER"]
[BlackTeamCountry "GER"]

1. e4 d6 2. d4 Nf6 3. Nc3 Nbd7 4. Nf3 e5 5. Bc4 Be7 6. O-O O-O 7. Bb3 c6 8. a4
a5 9. Re1 Qc7 10. h3 h6 11. Be3 Re8 12. Qd2 Nf8 13. Rad1 Bd7 14. Qd3 Ne6 15. d5
cxd5 16. Bxd5 Rac8 17. Rd2 Qb8 18. Bb3 Nc5 19. Bxc5 Rxc5 20. Nh2 Rd8 21. Qf3
Be6 22. Red1 Bxb3 23. cxb3 Qc8 24. Ng4 Ne8 25. Ne3 Bg5 26. Ned5 Qe6 27. Rd3 g6
28. Qg3 Ng7 29. h4 Be7 30. Qh3 Bf8 31. Qxe6 Nxe6 32. Nb5 Rc2 33. R3d2 Rxd2 34.
Rxd2 Nc5 35. f3 Nxb3 36. Rc2 Nc5 37. Rc4 h5 38. Na3 Kg7 39. Nb5 Kg8 40. Nbc3
Bh6 41. Nb5 Ne6 42. g3 Bf8 43. Kg2 Kg7 44. Nbc3 Nc5 45. Nb5 f6 46. Nbc3 Kf7 47.
Nb5 Be7 48. Nbc3 Rg8 49. Nb5 g5 50. hxg5 fxg5 51. Rc2 g4 52. Nbc3 gxf3+ 53.
Kxf3 Bg5 54. Rh2 Kg6 55. Nb6 Nb3 56. Nc4 Nd4+ 57. Kg2 Rd8 58. Nxa5 Rd7 59. Nc4
Be7 60. Nd5 Bf8 61. Rh1 Rd8 62. Rf1 Rc8 63. Nce3 Bg7 64. Ne7+ 1-0

[Event "Jena Schwarzer Baer op"]
[Site "Jena"]
[Date "2009.02.08"]
[Round "7"]
[White "Moser, Eva"]
[Black "Piankov, Evgenij"]
[Result "1-0"]
[WhiteElo "2397"]
[BlackElo "2361"]
[PlyCount "67"]
[EventDate "2009.02.04"]
[EventType "swiss"]
[EventRounds "7"]
[EventCountry "GER"]
[SourceTitle "EXT 2010"]
[Source "ChessBase"]
[SourceDate "2010.11.25"]
[SourceVersion "1"]
[SourceVersionDate "2010.11.25"]
[SourceQuality "1"]

1. e4 c6 2. d4 d5 3. e5 g6 4. Nc3 Bg7 5. h3 f6 6. Nf3 Nh6 7. Bf4 Nf7 8. Qd2 O-O
9. O-O-O Bf5 10. Re1 fxe5 11. dxe5 Na6 12. Bxa6 bxa6 13. Nd4 Qb6 14. Na4 Qc7
15. Nxf5 gxf5 16. Nc5 Nd8 17. Re3 e6 18. Rhe1 Qe7 19. Qd4 Rb8 20. Rc3 a5 21. a3
Rb5 22. Ree3 Nb7 23. Nxb7 Qxb7 24. Rg3 Kh8 25. Rxg7 Kxg7 26. Rg3+ Kf7 27. Bh6
Rg8 28. Rxg8 Kxg8 29. Qh4 Kf7 30. Qf6+ Ke8 31. Bg5 Qd7 32. Qh8+ Kf7 33. Qxh7+
Ke8 34. Qg8# 1-0

[Event "Jena Schwarzer Baer op"]
[Site "Jena"]
[Date "2009.02.07"]
[Round "6"]
[White "Moser, Eva"]
[Black "Sobolevsky, Leonid"]
[Result "1-0"]
[WhiteElo "2397"]
[BlackElo "2304"]
[PlyCount "82"]
[EventDate "2009.02.04"]
[EventType "swiss"]
[EventRounds "7"]
[EventCountry "GER"]
[SourceTitle "EXT 2010"]
[Source "ChessBase"]
[SourceDate "2010.11.25"]
[SourceVersion "1"]
[SourceVersionDate "2010.11.25"]
[SourceQuality "1"]

1. Nf3 d6 2. d4 h6 3. e4 g5 4. h3 Bg7 5. Nc3 e6 6. Bd3 Ne7 7. e5 dxe5 8. dxe5
Nbc6 9. O-O Nxe5 10. Nxe5 Bxe5 11. Qe2 Nc6 12. Bb5 Bg7 13. Be3 O-O 14. Rad1 Qf6
15. f4 Qg6 16. Bc5 Re8 17. f5 Qf6 18. Ne4 Qe5 19. f6 Bf8 20. Bxf8 Rxf8 21. Bd3
Nd4 22. Qh5 Nf5 23. g4 Kh7 24. Nxg5+ Kg8 25. Ne4 Qd4+ 26. Rf2 Qe3 27. gxf5 exf5
28. Nd2 Kh7 29. Kf1 Qg5 30. Qxg5 hxg5 31. Bxf5+ Bxf5 32. Rxf5 Kg6 33. Rf2 Rh8
34. Kg2 Rad8 35. Re1 Rh4 36. Nf3 Rf4 37. Ne5+ Kxf6 38. Rxf4+ gxf4 39. Nd3 Kg5
40. Kf3 Rd4 41. Rg1+ Kh4 1-0

[Event "Jena Schwarzer Baer op"]
[Site "Jena"]
[Date "2009.02.07"]
[Round "5"]
[White "Paehtz, Thomas Sr"]
[Black "Moser, Eva"]
[Result "0-1"]
[WhiteElo "2443"]
[BlackElo "2376"]
[PlyCount "104"]
[EventDate "2009.02.04"]
[EventType "swiss"]
[EventRounds "7"]
[EventCountry "GER"]
[SourceTitle "EXT 2010"]
[Source "ChessBase"]
[SourceDate "2010.11.25"]
[SourceVersion "1"]
[SourceVersionDate "2010.11.25"]
[SourceQuality "1"]

1. e4 c5 2. Nf3 Nc6 3. d4 cxd4 4. Nxd4 Nf6 5. Nc3 e5 6. Ndb5 d6 7. Bg5 a6 8.
Na3 b5 9. Nd5 Be7 10. Bxf6 Bxf6 11. c3 Rb8 12. Nc2 Bg5 13. a4 bxa4 14. Ncb4 Bd7
15. Bxa6 Nxb4 16. cxb4 O-O 17. O-O Bc6 18. Rxa4 Bxa4 19. Qxa4 f5 20. Bd3 f4 21.
f3 Kh8 22. Ba6 Bh4 23. Rc1 g5 24. Rc7 g4 25. Qd7 Qxd7 26. Rxd7 gxf3 27. gxf3
Rfd8 28. Rc7 Rg8+ 29. Kf1 Rg7 30. Rc3 Rbg8 31. Ke2 Rg2+ 32. Kd3 Rxb2 33. b5
Rgg2 34. Rc8+ Kg7 35. Rc7+ Kh6 36. b6 Rgd2+ 37. Kc4 Be1 38. Kc3 Rdc2+ 39. Kd3
Rd2+ 40. Kc3 Rxh2+ 41. Kd3 Rhd2+ 42. Kc3 Rb1 43. Ne7 Ra2+ 44. Kc4 Rxa6 45. Kd5
Raxb6 46. Ke6 Rb7 47. Nf5+ Kg6 48. Rc2 h5 49. Rg2+ Bg3 50. Nxg3 fxg3 51. Rxg3+
Kh7 52. Kxd6 Rg7 0-1

[Event "Jena Schwarzer Baer op"]
[Site "Jena"]
[Date "2009.02.07"]
[Round "4"]
[White "Moser, Eva"]
[Black "Meier, Thomas"]
[Result "1-0"]
[WhiteElo "2376"]
[BlackElo "2228"]
[PlyCount "65"]
[EventDate "2009.02.04"]
[EventType "swiss"]
[EventRounds "7"]
[EventCountry "GER"]
[SourceTitle "EXT 2010"]
[Source "ChessBase"]
[SourceDate "2010.11.25"]
[SourceVersion "1"]
[SourceVersionDate "2010.11.25"]
[SourceQuality "1"]

1. Nf3 d5 2. g3 c6 3. Bg2 Bg4 4. O-O Nd7 5. d3 e6 6. Nbd2 Bd6 7. e4 Ne7 8. d4
Rc8 9. Re1 O-O 10. c3 Bb8 11. a4 c5 12. a5 cxd4 13. cxd4 h6 14. e5 Bf5 15. Nf1
Nc6 16. Qa4 f6 17. exf6 Qxf6 18. Be3 Bd6 19. N1d2 Ndb8 20. Rec1 Na6 21. Bf1
Nab4 22. a6 b6 23. Rc3 Rc7 24. Rac1 Rfc8 25. Bb5 Qe7 26. Rxc6 Nxc6 27. Rxc6
Rxc6 28. Bxc6 Qc7 29. Bb7 Bh3 30. Ne1 Qc1 31. Ndf3 Qxb2 32. Bxc8 Qe2 33. Bxe6+
1-0

[Event "Jena Schwarzer Baer op"]
[Site "Jena"]
[Date "2009.02.07"]
[Round "3"]
[White "Heindrich, Mark"]
[Black "Moser, Eva"]
[Result "0-1"]
[WhiteElo "2125"]
[BlackElo "2376"]
[PlyCount "140"]
[EventDate "2009.02.04"]
[EventType "swiss"]
[EventRounds "7"]
[EventCountry "GER"]
[SourceTitle "EXT 2010"]
[Source "ChessBase"]
[SourceDate "2010.11.25"]
[SourceVersion "1"]
[SourceVersionDate "2010.11.25"]
[SourceQuality "1"]

1. e4 d6 2. d4 Nf6 3. Nc3 Nbd7 4. Nf3 e5 5. Bc4 Be7 6. O-O O-O 7. Bb3 c6 8.
dxe5 dxe5 9. Qe2 Qc7 10. a3 Nc5 11. Ba2 Ne6 12. Be3 Ng4 13. Bd2 Nd4 14. Qd3 Rd8
15. Rad1 Be6 16. Bxe6 Nxe6 17. Qe2 Nf6 18. Be3 Bc5 19. Bxc5 Nxc5 20. h3 h6 21.
Nh4 Ne6 22. Nf5 Kh7 23. Qe3 b6 24. g3 Rxd1 25. Rxd1 Rd8 26. Rd2 Rxd2 27. Qxd2
Ng5 28. Qd6 Qc8 29. Kg2 Ngxe4 30. Nxe4 Qxf5 31. Nxf6+ Qxf6 32. Qd7 a5 33. f3 g6
34. h4 h5 35. b3 Kg7 36. a4 Kh7 37. Qe8 Kg7 38. Qd7 c5 39. Qd5 Qf5 40. Kg1 Qxc2
41. Qxe5+ Kh7 42. Qd5 Qc1+ 43. Kf2 Qb2+ 44. Ke3 Qc3+ 45. Kf4 Kg8 46. Qd8+ Kg7
47. Qd5 Qc1+ 48. Ke5 Qe1+ 49. Kf4 f6 50. Qd7+ Kh6 51. Qd5 Qc1+ 52. Ke4 Qb1+ 53.
Ke3 Qg1+ 54. Kf4 Qe1 55. Qd6 Qb4+ 56. Ke3 Qxb3+ 57. Ke2 Qc4+ 58. Ke3 Qc3+ 59.
Kf2 Qd4+ 60. Qxd4 cxd4 61. Ke2 Kg7 62. Kd3 Kf7 63. Kxd4 Ke6 64. Ke4 Kd6 65. Kd4
Kc6 66. Kc4 g5 67. f4 gxf4 68. gxf4 f5 69. Kd4 b5 70. axb5+ Kxb5 0-1

[Event "Jena Schwarzer Baer op"]
[Site "Jena"]
[Date "2009.02.05"]
[Round "2"]
[White "Moser, Eva"]
[Black "Bohatschek, Daniel"]
[Result "1-0"]
[WhiteElo "2376"]
[BlackElo "1941"]
[PlyCount "87"]
[EventDate "2009.02.04"]
[EventType "swiss"]
[EventRounds "7"]
[EventCountry "GER"]
[SourceTitle "EXT 2010"]
[Source "ChessBase"]
[SourceDate "2010.11.25"]
[SourceVersion "1"]
[SourceVersionDate "2010.11.25"]
[SourceQuality "1"]

1. g3 Nf6 2. Bg2 g6 3. e4 d6 4. d4 Bg7 5. Ne2 O-O 6. h3 e5 7. Nbc3 Nc6 8. Be3
a6 9. O-O b5 10. dxe5 Nxe5 11. a3 Bb7 12. b3 c5 13. Qd2 Qc7 14. Rad1 Rad8 15.
Nf4 b4 16. axb4 cxb4 17. Ncd5 Nxd5 18. Nxd5 Bxd5 19. Qxd5 Qxc2 20. Rd2 Qc7 21.
Ra2 Ra8 22. Rc1 Qe7 23. f4 Nd7 24. Rc7 Rfd8 25. Rd2 Rac8 26. Ra7 Rc3 27. Bf2
Rdc8 28. e5 Bf8 29. exd6 Qd8 30. Qb7 Rxb3 31. Qxd7 Qxd7 32. Rxd7 Rb1+ 33. Kh2
b3 34. Rc7 Rd8 35. d7 b2 36. Rb7 Ba3 37. Be4 Rc1 38. Rb3 Rc4 39. Bb1 Rc1 40.
Be4 Bc5 41. Bxc5 Rxc5 42. Rbxb2 Rc7 43. Rb7 Rc5 44. Rc2 1-0

[Event "Jena Schwarzer Baer op"]
[Site "Jena"]
[Date "2009.02.04"]
[Round "1"]
[White "Auerswald, Klaus"]
[Black "Moser, Eva"]
[Result "0-1"]
[WhiteElo "1982"]
[BlackElo "2376"]
[PlyCount "34"]
[EventDate "2009.02.04"]
[EventType "swiss"]
[EventRounds "7"]
[EventCountry "GER"]
[SourceTitle "EXT 2010"]
[Source "ChessBase"]
[SourceDate "2010.11.25"]
[SourceVersion "1"]
[SourceVersionDate "2010.11.25"]
[SourceQuality "1"]

1. e4 d6 2. d4 Nf6 3. Nc3 Nbd7 4. Nf3 e5 5. g4 g6 6. g5 Nh5 7. Bc4 Bg7 8. Be3
O-O 9. Qd2 Nb6 10. Bb3 Bg4 11. Ng1 exd4 12. Bxd4 Bxd4 13. Qxd4 Qxg5 14. f3 Be6
15. Nge2 c5 16. Qf2 c4 17. Ba4 Qa5 0-1

[Event "BL 0809 (Women)"]
[Site "Germany"]
[Date "2009.01.04"]
[Round "5.3"]
[White "Moser, Eva"]
[Black "Heinatz, Gundula"]
[Result "1-0"]
[WhiteElo "2376"]
[BlackElo "2227"]
[PlyCount "81"]
[EventDate "2008.11.08"]
[EventType "team-tourn"]
[EventRounds "11"]
[EventCountry "GER"]
[SourceTitle "EXT 2010"]
[Source "ChessBase"]
[SourceDate "2010.11.25"]
[SourceVersion "1"]
[SourceVersionDate "2010.11.25"]
[SourceQuality "1"]
[WhiteTeam "Baden-Baden (W)"]
[BlackTeam "Karlsruhe 1853 (W)"]
[WhiteTeamCountry "GER"]
[BlackTeamCountry "GER"]

1. e4 c5 2. c3 g6 3. d4 Qc7 4. Na3 b6 5. Nf3 Bg7 6. Bc4 cxd4 7. Qb3 Ba6 8.
Bxf7+ Kf8 9. Bxg8 Rxg8 10. cxd4 e6 11. Nb5 Bxb5 12. Qxb5 Nc6 13. Be3 Qd6 14.
O-O Qb4 15. Qd3 Ke8 16. d5 Nd8 17. Rad1 e5 18. a3 Qf8 19. Rc1 Nf7 20. Qa6 Nd6
21. Bxb6 Qf4 22. Be3 Qf6 23. Bg5 Qf8 24. Nd2 h6 25. Be3 Qf6 26. Qd3 g5 27. Rc7
h5 28. Bxa7 h4 29. Be3 h3 30. g3 Rb8 31. Rc2 Rf8 32. Qe2 Qg6 33. Qg4 Bf6 34.
Bc5 Be7 35. Bxd6 Bxd6 36. Nc4 Bc7 37. Ne3 Bb6 38. Nf5 Qf6 39. Qh5+ Kd8 40. Qxh3
Rh8 41. Qg4 1-0

[Event "BL 0809 (Women)"]
[Site "Germany"]
[Date "2008.12.07"]
[Round "4.2"]
[White "Juergens, Vera"]
[Black "Moser, Eva"]
[Result "0-1"]
[WhiteElo "2282"]
[BlackElo "2376"]
[PlyCount "70"]
[EventDate "2008.11.08"]
[EventType "team-tourn"]
[EventRounds "11"]
[EventCountry "GER"]
[SourceTitle "EXT 2010"]
[Source "ChessBase"]
[SourceDate "2010.11.25"]
[SourceVersion "1"]
[SourceVersionDate "2010.11.25"]
[SourceQuality "1"]
[WhiteTeam "Hamburger SK (W)"]
[BlackTeam "Baden-Baden (W)"]
[WhiteTeamCountry "GER"]
[BlackTeamCountry "GER"]

1. d4 c5 2. dxc5 e6 3. Be3 Na6 4. Nc3 Nxc5 5. b4 Na6 6. a3 Nf6 7. Nf3 Be7 8. g3
d6 9. h3 Bd7 10. Qd3 O-O 11. Bg2 Qc7 12. Nd4 Rfc8 13. Ndb5 Qb8 14. O-O Bc6 15.
Rad1 Bxg2 16. Kxg2 Rd8 17. Bf4 Nc7 18. e4 Nce8 19. Be3 a6 20. Nd4 Qc7 21. Nde2
Nd7 22. f4 Ne5 23. fxe5 dxe5 24. Nd5 exd5 25. exd5 Rac8 26. Rd2 Nf6 27. Qf5 Qc4
28. Qxe5 Nxd5 29. Bd4 Bf6 30. Qh5 Bxd4 31. Qxf7+ Kh8 32. Kh1 Be3 33. Rd3 Qe4+
34. Kh2 h6 35. Rf3 Rxc2 0-1

[Event "BL 0809 (Women)"]
[Site "Germany"]
[Date "2008.12.06"]
[Round "3.2"]
[White "Moser, Eva"]
[Black "Markgraf, Claudia"]
[Result "1-0"]
[WhiteElo "2376"]
[BlackElo "2063"]
[PlyCount "83"]
[EventDate "2008.11.08"]
[EventType "team-tourn"]
[EventRounds "11"]
[EventCountry "GER"]
[SourceTitle "EXT 2010"]
[Source "ChessBase"]
[SourceDate "2010.11.25"]
[SourceVersion "1"]
[SourceVersionDate "2010.11.25"]
[SourceQuality "1"]
[WhiteTeam "Baden-Baden (W)"]
[BlackTeam "Lehrte (W)"]
[WhiteTeamCountry "GER"]
[BlackTeamCountry "GER"]

1. g3 Nf6 2. Bg2 d5 3. Nf3 Nc6 4. d4 Bg4 5. Ne5 Bf5 6. c4 e6 7. O-O Nxe5 8.
dxe5 Ne4 9. cxd5 exd5 10. Qb3 Rb8 11. Be3 c6 12. Bxa7 Rc8 13. Bxe4 Bxe4 14. Nc3
Bf5 15. e4 dxe4 16. Rfe1 Qa5 17. Bb6 Qb4 18. Nxe4 Bxe4 19. Qxb4 Bxb4 20. Rxe4
Be7 21. Rd1 Bd8 22. Bc5 Be7 23. Bd6 Bd8 24. Kg2 h5 25. h4 Ra8 26. a3 Be7 27.
Ree1 Rd8 28. f4 g6 29. Bc7 Rd7 30. Bb6 Rg8 31. Kf3 Bd8 32. Rxd7 Kxd7 33. Rd1+
Ke7 34. Bc5+ Ke8 35. a4 f6 36. e6 g5 37. hxg5 fxg5 38. f5 h4 39. g4 Rg7 40. Kg2
Rh7 41. Rxd8+ Kxd8 42. f6 1-0

[Event "Olympiad Women-38"]
[Site "Dresden"]
[Date "2008.11.25"]
[Round "11"]
[White "Moser, Eva"]
[Black "Lang, Heather"]
[Result "1-0"]
[WhiteElo "2376"]
[BlackElo "2063"]
[PlyCount "63"]
[EventDate "2008.11.13"]
[EventType "team-swiss"]
[EventRounds "11"]
[EventCountry "GER"]
[SourceTitle "CBM 128"]
[Source "ChessBase"]
[SourceDate "2009.01.28"]
[SourceVersion "1"]
[SourceVersionDate "2009.01.28"]
[SourceQuality "1"]
[WhiteTeam "Austria (W)"]
[BlackTeam "Scotland (W)"]
[WhiteTeamCountry "AUT"]
[BlackTeamCountry "SCO"]

1. d4 f5 2. Bg5 g6 3. Nd2 Bg7 4. e4 fxe4 5. Nxe4 d5 6. Nc3 Nf6 7. Qd2 Nc6 8.
O-O-O Bf5 9. f3 h5 10. Nge2 Nb4 11. Nf4 Qd7 12. Nd3 Nxd3+ 13. Bxd3 O-O-O 14.
Rhe1 e6 15. h4 Bxd3 16. Qxd3 Qf7 17. Ne2 Rde8 18. Nf4 Bh6 19. Nxg6 Rhg8 20. Ne5
Qf8 21. Qe3 Bg7 22. Kb1 Nh7 23. Rh1 Qf5 24. f4 c5 25. Rde1 cxd4 26. Qxd4 Nf6
27. Qxa7 Ne4 28. Rxe4 Bxe5 29. Rxe5 Qg4 30. Qc5+ Kd7 31. Qb5+ Kc7 32. Qe2 1-0

[Event "Olympiad Women-38"]
[Site "Dresden"]
[Date "2008.11.22"]
[Round "9"]
[White "Petrenko, Svetlana"]
[Black "Moser, Eva"]
[Result "0-1"]
[WhiteElo "2285"]
[BlackElo "2376"]
[PlyCount "102"]
[EventDate "2008.11.13"]
[EventType "team-swiss"]
[EventRounds "11"]
[EventCountry "GER"]
[SourceTitle "CBM 128"]
[Source "ChessBase"]
[SourceDate "2009.01.28"]
[SourceVersion "1"]
[SourceVersionDate "2009.01.28"]
[SourceQuality "1"]
[WhiteTeam "Moldova (W)"]
[BlackTeam "Austria (W)"]
[WhiteTeamCountry "MDA"]
[BlackTeamCountry "AUT"]

1. e4 e6 2. d4 d5 3. e5 c5 4. c3 Nc6 5. Nf3 Bd7 6. a3 c4 7. b4 cxb3 8. Qxb3 Na5
9. Qc2 Ne7 10. Bd3 Qb6 11. a4 Nb3 12. Ra2 Nxc1 13. Qxc1 Nc6 14. O-O Na5 15.
Nfd2 Rc8 16. Qd1 Be7 17. Kh1 h5 18. f4 g6 19. Rf3 Kd8 20. Qc2 Kc7 21. Rb2 Bxa4
22. Qxa4 Qxb2 23. Qxa5+ Kb8 24. Qb5 Qxb5 25. Bxb5 a6 26. Bd3 b5 27. Nb3 Ka7 28.
Rf2 Kb6 29. Ra2 Ra8 30. Rb2 Rhc8 31. Kg1 Ka7 32. Kf2 Rab8 33. Ra2 Rb6 34. Ke2
b4 35. cxb4 Bxb4 36. Ra4 Be7 37. N1d2 Rc3 38. Na1 Ra3 39. Rxa3 Bxa3 40. Nab3
Bb4 41. Nc5 Bxc5 42. dxc5 Rb2 43. Kd1 a5 44. Bc2 Rb4 45. g3 a4 46. Kc1 Kb7 47.
Nb1 Kc6 48. Bd1 Kxc5 49. Nd2 Kd4 50. Kc2 Rb8 51. Kc1 a3 0-1

[Event "EU Union-ch 4th"]
[Site "Liverpool"]
[Date "2008.09.18"]
[Round "10"]
[White "Moser, Eva"]
[Black "Tebb, David"]
[Result "1-0"]
[WhiteElo "2383"]
[BlackElo "2215"]
[PlyCount "81"]
[EventDate "2008.09.09"]
[EventType "swiss"]
[EventRounds "10"]
[EventCountry "ENG"]
[SourceTitle "CBM 126 Extra"]
[Source "ChessBase"]
[SourceDate "2008.11.05"]
[SourceVersion "1"]
[SourceVersionDate "2008.11.05"]
[SourceQuality "1"]

1. e4 g6 2. d4 Bg7 3. Nc3 d6 4. Be3 a6 5. h4 h5 6. Qd2 Nd7 7. Nh3 b5 8. Ng5 e6
9. a4 b4 10. Ne2 Rb8 11. Nf4 Ndf6 12. f3 Ne7 13. a5 O-O 14. Be2 Nc6 15. Nd3 Rb5
16. O-O Nd7 17. Nf4 Rxa5 18. Rxa5 Nxa5 19. Nfxe6 fxe6 20. Nxe6 Qxh4 21. Nxf8
Kxf8 22. Qxb4 Nc6 23. Qc4 Ndb8 24. d5 Bh3 25. dxc6 Qg3 26. Rf2 Bxg2 27. Bf1
Bh3+ 28. Kh1 Bxf1 29. Qxf1 Nxc6 30. c3 Ne5 31. Qg2 Qh4+ 32. Qh2 Qf6 33. Bd4 Qe6
34. Bxe5 Bxe5 35. f4 Bg7 36. Qg2 Qf6 37. Qg5 Qxg5 38. fxg5+ Ke7 39. Rf1 Be5 40.
Kg2 h4 41. Kh3 1-0

[Event "EU Union-ch 4th"]
[Site "Liverpool"]
[Date "2008.09.17"]
[Round "9"]
[White "White, Michael JR"]
[Black "Moser, Eva"]
[Result "1-0"]
[WhiteElo "2289"]
[BlackElo "2383"]
[PlyCount "85"]
[EventDate "2008.09.09"]
[EventType "swiss"]
[EventRounds "10"]
[EventCountry "ENG"]
[SourceTitle "CBM 126 Extra"]
[Source "ChessBase"]
[SourceDate "2008.11.05"]
[SourceVersion "1"]
[SourceVersionDate "2008.11.05"]
[SourceQuality "1"]

1. e4 e6 2. d3 d5 3. Nd2 Nf6 4. Ngf3 Be7 5. g3 O-O 6. Bg2 c5 7. O-O Nc6 8. Re1
b5 9. e5 Nd7 10. Nf1 b4 11. h4 a5 12. N1h2 a4 13. a3 bxa3 14. bxa3 Rb8 15. c4
dxc4 16. Qxa4 Ncxe5 17. Nxe5 Nxe5 18. Bf4 Bd7 19. Qa7 Nc6 20. Bxc6 Bxc6 21.
Bxb8 cxd3 22. Bf4 Qd5 23. f3 Bf6 24. Rad1 Bd4+ 25. Kg2 c4 26. Qc7 h6 27. Re4
Ba4 28. Rd2 f5 29. Rxd4 Qxd4 30. Be5 Qd7 31. Qxc4 Bb5 32. Qd4 Qxd4 33. Bxd4 Rd8
34. Bb2 g5 35. Kf2 Kf7 36. f4 g4 37. Nf1 h5 38. Ne3 Ke7 39. Nd1 Ba4 40. Ke3 Rb8
41. Nf2 Rb3 42. Bd4 Kd6 43. Rxd3 1-0